000 00375pab a2200145 454500
008 180718b1987 xxu||||| |||| 00| 0 eng d
100 _aTeets, Patricia
245 _aPersonnel computing
_bInformation access comes of age with online data bases
260 _c1987
300 _a112-13
362 _aJan.
650 _aComputers
773 _aPersonnel Journal
909 _a6386
999 _c6386
_d6386